|
|
|
|
| LEADER |
01121nas a22002297a 4500 |
| 008 |
230208t2022 bg ||||| |||| 00| 0 ben d |
| 022 |
|
|
|a 1994-8905
|
| 040 |
|
|
|a BD-DhAAL
|c BD-DhAAL
|
| 041 |
|
|
|a ben
|
| 082 |
|
|
|a 079.095492
|2 23
|
| 245 |
|
|
|a কলা অনুষদ পত্রিকা :
|b শতবর্ষ সংখ্যা /
|c আবদুল বাছির সম্পাদিত.
|
| 260 |
|
|
|a ঢাকা :
|b ঢাকা বিশ্ববিদ্যালয়,
|c ২০২২.
|
| 300 |
|
|
|a Vol. 100
|
| 526 |
|
|
|a GenEd
|
| 541 |
|
|
|a Development Book Agency
|
| 650 |
|
|
|a Newspaper
|z Bangladesh.
|9 53582
|
| 651 |
|
|
|a Bangladesh
|x History
|y Revolution, 1971.
|
| 700 |
|
|
|a বাছির, আবদুল
|9 53580
|
| 942 |
|
|
|2 ddc
|c CR
|s 1
|
| 999 |
|
|
|c 45490
|d 45490
|
| 952 |
|
|
|0 0
|1 0
|2 ddc
|4 0
|6 079_095492000000000_KAL
|7 0
|9 73198
|a SCL
|b SCL
|c REF
|d 2023-02-08
|e Development Book Agency
|g 250.00
|h Vol 100
|o 079.095492 KAL
|r 2023-02-08
|t 1
|w 2023-02-08
|y CR
|
| 952 |
|
|
|0 0
|1 0
|2 ddc
|4 0
|6 079_095492000000000_KAL
|7 0
|9 73199
|a SCL
|b SCL
|c REF
|d 2023-02-08
|e Development Book Agency
|g 250.00
|h Vol 100
|o 079.095492 KAL
|r 2023-02-08
|t 2
|w 2023-02-08
|y CR
|